000 02099nam a2200313 a 4500
001 77549
003 BD-RjUL
005 20211209083002.0
008 201122s2008 bg ||||| |||| 00| 0 ben d
035 _a(BD-RjUL)77775
040 _aBD-RjUL
_bben/eng
041 _aben
082 _a891.55109
_bKAK 2008
_223
100 _aউদ্দিন, মো. কামাল
_9242055
245 1 0 _aফরীদ উদ্দীন আক্তার:
_bকাব্য-প্রতিভা ও সূফীবাদ /
_cমো, কামাল উদ্দীন
_6তত্বাবধায়ক: এফ. এম. এ. এইচ. তাকী ; সহ-তত্বাবধায়ক: এম. শামীম খান
260 _aরাজশাহী:
_bইসলামিক স্টাডিজ বিভাগ, রাজশাহী বিশ্ববিদ্যালয়,
_c২০০৮
300 _ax, ২৪৯ পাতা;
_c৩০ সেমি.
502 _aথিসিস (পিএইচ.ডি.) -- ইসলামিক স্টাডিজ বিভাগ, রাজশাহী বিশ্ববিদ্যালয়,২০০৮
504 _aগ্রন্থপঞ্জি : পাতা [২৩৩]-২৪৯
600 _aআক্তার, ফরীদ উদ্দীন,
_d-- ১১১৯ --১২৩০
_xজীবনী
_9244808
600 _aAkter, Farīd ud-Dīn,
_d-- 1119 --1230
_xBiography
_9244809
600 _aআক্তার, ফরীদ উদ্দীন,
_d-- ১১১৯ --১২৩০
_xসমালোচনা ও ব্যাখা
_9244810
600 _aAkter, Farīd ud-Dīn,
_d-- 1119 --1230
_xCriticism and Interpretation
_9244811
650 _aফার্সি কবিতা
_vইতিহাস ও সমালোচনা
_9242056
650 _aPersian poetry
_vHistory and Criticism
_9242057
700 _aতাকী, এফ. এম. এ. এইচ. , তত্বাবধায়ক
_9242118
700 _aখান, এম. শামীম, সহ-তত্বাবধায়ক
_9242119
942 _2ddc
_cTHE
999 _c77549
_d77549